The nature and properties of soils / (Record no. 14958)
[ view plain ]
| 000 -LEADER | |
|---|---|
| fixed length control field | 00474pam a2200169 a 4500 |
| 020 ## - INTERNATIONAL STANDARD BOOK NUMBER | |
| ISBN | 0023133619 |
| 040 ## - CATALOGING SOURCE | |
| Transcribing agency | DLC |
| 082 00 - DEWEY DECIMAL CLASSIFICATION NUMBER | |
| Classification number | 631 MAC 1990 A053 Co. |
| 100 1# - MAIN ENTRY--AUTHOR NAME | |
| Personal name | Brady, Nyle C. |
| 245 14 - TITLE STATEMENT | |
| Title | The nature and properties of soils / |
| 250 ## - EDITION STATEMENT | |
| Edition statement | 10th ed. |
| 260 ## - PUBLICATION, DISTRIBUTION, ETC. (IMPRINT) | |
| Place of publication | New York : |
| Name of publisher | Macmillan ; |
| Place of publication | London : |
| Name of publisher | Collier Macmillan, |
| Year of publication | c1990. |
| 300 ## - PHYSICAL DESCRIPTION | |
| Number of Pages | xv, 621 p., [4] p. of plates : |
| Other physical details | ill. (some col.) ; |
| Dimensions | 29 cm. |
| 650 #0 - SUBJECT ADDED ENTRY--TOPICAL TERM | |
| Topical Term | Soil science. |
| 650 #0 - SUBJECT ADDED ENTRY--TOPICAL TERM | |
| Topical Term | Soils. |
| 942 ## - ADDED ENTRY ELEMENTS (KOHA) | |
| Koha item type | សៀវភៅភាសាអង់គ្លេស |
| 952 ## - LOCATION AND ITEM INFORMATION (KOHA) | |
| Withdrawn status [LOCAL, KOHA] | 0 |
| Permanent Location | Date acquired | Koha item type | Lost status | Shelving location | Barcode | Current Location | Full call number |
|---|---|---|---|---|---|---|---|
| Library Block A | 2017-11-01 | សៀវភៅភាសាអង់គ្លេស | A053 | A09026 | Library Block A | 631 MAC 1990 A053 Co. |